Nhân lực khoa học xã hội Số 11
Trong số này trình bày Bàn về nguồn nhân lực chất lượng cao trong khu vực công ở nước ta hiện nay; nguyên nhân, điều kiện của tình hình tội phạm- tiếp cận từ mặt trái của nền kinh tế thị trường của nước ta hiện nay; Hộ kinh doanh tron...
Uloženo v:
| Médium: | Kniha |
|---|---|
| Jazyk: | Vietnamese |
| Vydáno: |
H.
Viện Hàn lâm Khoa học xã hội Việt Nam. Học viện Khoa học xã hội
2020
|
| Témata: | |
| Tagy: |
Přidat tag
Žádné tagy, Buďte první, kdo otaguje tento záznam!
|
| Thư viện lưu trữ: | Thư viện Trường Đại học Nam Cần Thơ |
|---|
| LEADER | 01419nam a22002297a 4500 | ||
|---|---|---|---|
| 001 | NCT_123384 | ||
| 008 | 220512b xxu||||| |||| 00| 0 vie d | ||
| 999 | |c 6319 |d 6319 | ||
| 022 | |a 0866-756X | ||
| 041 | |a vie | ||
| 082 | 0 | 4 | |2 23rd ed. |a 331 |b Nh121L |
| 245 | 0 | 0 | |a Nhân lực khoa học xã hội |n Số 11 |c Viện Hàn lâm Khoa học xã hội Việt Nam. Học viện Khoa học xã hội |
| 260 | |a H. |b Viện Hàn lâm Khoa học xã hội Việt Nam. Học viện Khoa học xã hội |c 2020 | ||
| 300 | |c 29cm | ||
| 310 | |a Hàng tháng | ||
| 362 | |a 11/2020 | ||
| 520 | 3 | |a Trong số này trình bày Bàn về nguồn nhân lực chất lượng cao trong khu vực công ở nước ta hiện nay; nguyên nhân, điều kiện của tình hình tội phạm- tiếp cận từ mặt trái của nền kinh tế thị trường của nước ta hiện nay; Hộ kinh doanh trong mô hình thương mại Việt Nam hiện nay;... | |
| 655 | |a Tạp chí | ||
| 942 | |2 ddc |c CR | ||
| 952 | |0 0 |1 0 |2 ddc |4 0 |6 331_000000000000000_NH121L |7 0 |9 23902 |a 000001 |b 000001 |d 2022-05-13 |o 331 Nh121L |r 2022-05-13 |w 2022-05-13 |y CR | ||
| 952 | |0 0 |1 0 |2 ddc |4 0 |6 331_000000000000000_NH121L |7 0 |9 23903 |a 000001 |b 000001 |d 2022-05-13 |o 331 Nh121L |r 2022-05-13 |w 2022-05-13 |y CR | ||
| 980 | |a Thư viện Trường Đại học Nam Cần Thơ | ||